[Event "Monarch Assurance 11th"]
[Site "Port Erin"]
[Date "2002.10.04"]
[Round "7"]
[White "Palus, Ryszard"]
[Black "Ledger, Andrew"]
[Result "0-1"]
[WhiteElo "2232"]
[BlackElo "2408"]
[PlyCount "94"]
[EventDate "2002.09.28"]
[EventType "swiss"]
[EventRounds "9"]
[EventCountry "IOM"]
[SourceTitle "CBM 090 Extra"]
[Source "ChessBase"]
[SourceDate "2002.11.07"]
[SourceVersion "1"]
[SourceVersionDate "2002.11.07"]
[SourceQuality "1"]

1. d4 d5 2. c4 c6 3. Nc3 dxc4 4. e4 b5 5. a4 b4 6. Na2 Nf6 7. e5 Nd5 8. Bxc4 Bf5 9. Ne2 e6 10. Ng3 Bg6 11. h4 h6 12. h5 Bh7 13. Qg4 Nd7 14. 0-0 Qb6 15. Bd2 a5 16. Nc1 g5 17. Nb3 Be7 18. Rac1 0-0 19. Rfe1 Kh8 20. Qf3 Rae8 21. Ne4 f5 22. Nd6 Bxd6 23. exd6 N7f6 24. Nc5 Bg8 25. Qe2 Kh7 26. d7 Re7 27. Bxd5 cxd5 28. Qe5 Nxd7 29. Nxd7 Rxd7 30. Rc5 f4 31. Rec1 Rf5 32. Qe2 f3 33. Qb5 Qxb5 34. Rxb5 fxg2 35. Rxa5 Bf7 36. Rac5 Bxh5 37. Rc7 Rxc7 38. Rxc7+ Kg6 39. Kxg2 Bf3+ 40. Kg3 h5 41. a5 h4+ 42. Kh3 g4+ 43. Kh2 Be4 44. Be3 Rf3 45. Kg1 Rh3 46. Kf1 Rh1+ 47. Ke2 h3 0-1

[Event "POL-chT2 South"]
[Site "Ustron"]
[Date "2001.09.??"]
[Round "?"]
[White "Palus, Ryszard"]
[Black "Kruszynski, Wlodzimierz"]
[Result "1-0"]
[WhiteElo "2195"]
[BlackElo "2329"]
[PlyCount "43"]
[EventDate "2001.09.14"]
[EventType "team-swiss"]
[EventRounds "10"]
[EventCountry "POL"]
[SourceTitle "EXT 2019"]
[Source "ChessBase"]
[SourceDate "2018.10.10"]
[SourceVersion "1"]
[SourceVersionDate "2018.10.10"]
[SourceQuality "1"]

1. Nf3 Nf6 2. c4 e6 3. d4 Bb4+ 4. Nbd2 0-0 5. a3 Be7 6. e4 d5 7. e5 Nfd7 8. cxd5 exd5 9. Bd3 c5 10. 0-0 Nc6 11. Re1 a5 12. Nf1 cxd4 13. Bc2 Re8 14. Ng3 Bf8 15. Bxh7+ Kxh7 16. Ng5+ Qxg5 17. Bxg5 Rxe5 18. Rxe5 Ndxe5 19. Bf4 Ng6 20. Bc7 Be6 21. Bb6 Rc8 22. Rc1 1-0

[Event "POL-chT2 South"]
[Site "Ustron"]
[Date "2001.09.??"]
[Round "?"]
[White "Palus, Ryszard"]
[Black "Mikrut, Dariusz"]
[Result "0-1"]
[WhiteElo "2195"]
[BlackElo "2354"]
[PlyCount "54"]
[EventDate "2001.09.14"]
[EventType "team-swiss"]
[EventRounds "10"]
[EventCountry "POL"]
[SourceTitle "EXT 2019"]
[Source "ChessBase"]
[SourceDate "2018.10.10"]
[SourceVersion "1"]
[SourceVersionDate "2018.10.10"]
[SourceQuality "1"]
[BlackTeam "Rzeszow Zelmer"]
[BlackTeamCountry "POL"]

1. d4 Nf6 2. c4 g6 3. Nc3 Bg7 4. e4 d6 5. Be2 0-0 6. Bg5 Na6 7. Qd2 e5 8. d5 c6 9. Bf3 cxd5 10. Nxd5 Be6 11. Ne2 Bxd5 12. cxd5 Nc5 13. Nc3 Qa5 14. 0-0 a6 15. Rfe1 b5 16. Nd1 Qxd2 17. Bxd2 Rfc8 18. g3 h5 19. b3 Kh7 20. Nb2 Bh6 21. Bxh6 Kxh6 22. Rac1 a5 23. Bg2 a4 24. Bf1 axb3 25. axb3 Nxb3 26. Rxc8 Rxc8 27. Bxb5 Nd4 0-1

[Event "POL-chT 56th"]
[Site "Zakopane"]
[Date "2000.09.13"]
[Round "11"]
[White "Ksieski, Zbigniew"]
[Black "Palus, Ryszard"]
[Result "1-0"]
[WhiteElo "2377"]
[BlackElo "2228"]
[PlyCount "47"]
[EventDate "2000.09.02"]
[EventType "team-tourn"]
[EventRounds "11"]
[EventCountry "POL"]
[SourceTitle "EXT 2019"]
[Source "ChessBase"]
[SourceDate "2018.10.10"]
[SourceVersion "1"]
[SourceVersionDate "2018.10.10"]
[SourceQuality "1"]
[WhiteTeam "Lublin Drakon SKOK Chmielewskiego"]
[BlackTeam "Rolnik Roza"]
[WhiteTeamCountry "POL"]
[BlackTeamCountry "POL"]

1. d4 Nf6 2. c4 g6 3. g3 Bg7 4. Bg2 d5 5. cxd5 Nxd5 6. e4 Nb6 7. Ne2 c5 8. d5 e6 9. 0-0 0-0 10. Nec3 exd5 11. exd5 Bf5 12. a4 Na6 13. Na3 Nb4 14. Be3 Rc8 15. d6 Bd3 16. a5 Nd7 17. Bxb7 Rb8 18. a6 Bxf1 19. Qxf1 Re8 20. Rd1 Re6 21. Rd2 Bf8 22. Nc4 Ne5 23. Nxe5 Rxe5 24. Bf4 1-0

[Event "POL-chT 56th"]
[Site "Zakopane"]
[Date "2000.09.11"]
[Round "9"]
[White "Palus, Ryszard"]
[Black "Szelag, Marcin"]
[Result "1/2-1/2"]
[WhiteElo "2228"]
[BlackElo "2436"]
[PlyCount "109"]
[EventDate "2000.09.02"]
[EventType "team-tourn"]
[EventRounds "11"]
[EventCountry "POL"]
[SourceTitle "EXT 2019"]
[Source "ChessBase"]
[SourceDate "2018.10.10"]
[SourceVersion "1"]
[SourceVersionDate "2018.10.10"]
[SourceQuality "1"]
[WhiteTeam "Rolnik Roza"]
[BlackTeam "Poznan Pocztowiec"]
[WhiteTeamCountry "POL"]
[BlackTeamCountry "POL"]

1. d4 Nf6 2. c4 g6 3. Nc3 Bg7 4. e4 d6 5. Be2 0-0 6. Bg5 Na6 7. Qd2 c6 8. f3 e5 9. d5 h6 10. Be3 cxd5 11. cxd5 Nh5 12. Bd1 f5 13. exf5 gxf5 14. Nge2 f4 15. Bf2 Qg5 16. Rg1 Bf5 17. Ne4 Bxe4 18. fxe4 Nf6 19. Nc3 Rac8 20. Bf3 Ng4 21. Bxg4 Qxg4 22. Qe2 Qg6 23. Bxa7 Nc5 24. Bxc5 Rxc5 25. 0-0-0 Bf6 26. Kb1 Bd8 27. Rc1 Bb6 28. Rgf1 Rc7 29. Nb5 Rg7 30. Rc2 Kh7 31. Qf3 Rf6 32. Re1 Qe8 33. a4 Rfg6 34. Ree2 Bg1 35. Qh3 Bc5 36. b3 Rg5 37. Qf3 Rh5 38. g3 fxg3 39. hxg3 Rhg5 40. Rg2 Qg6 41. Rc4 Rf7 42. Qd3 Qh5 43. Qc2 Qh1+ 44. Ka2 Rf3 45. b4 Rgxg3 46. Rxg3 Rxg3 47. bxc5 Rg2 48. Nxd6 h5 49. Qxg2 Qxg2+ 50. Kb3 Qd2 51. Nb5 Qd1+ 52. Kb4 Qd2+ 53. Rc3 h4 54. c6 bxc6 55. dxc6 1/2-1/2

[Event "POL-chT 56th"]
[Site "Zakopane"]
[Date "2000.09.09"]
[Round "7"]
[White "Palus, Ryszard"]
[Black "Bielczyk, Jacek"]
[Result "1-0"]
[WhiteElo "2228"]
[BlackElo "2377"]
[PlyCount "107"]
[EventDate "2000.09.02"]
[EventType "team-tourn"]
[EventRounds "11"]
[EventCountry "POL"]
[SourceTitle "EXT 2019"]
[Source "ChessBase"]
[SourceDate "2018.10.10"]
[SourceVersion "1"]
[SourceVersionDate "2018.10.10"]
[SourceQuality "1"]
[WhiteTeam "Rolnik Roza"]
[BlackTeam "Zabrze Budosak"]
[WhiteTeamCountry "POL"]
[BlackTeamCountry "POL"]

1. d4 d6 2. c4 e5 3. Nf3 Nd7 4. Nc3 Ngf6 5. e4 g6 6. Bg5 h6 7. Bh4 Bg7 8. d5 g5 9. Bg3 Nh5 10. Nd2 Nf4 11. Qc2 0-0 12. Nd1 f5 13. Ne3 fxe4 14. Nxe4 Nf6 15. f3 c6 16. 0-0-0 cxd5 17. cxd5 Qe7 18. Qb3 Bd7 19. Kb1 b5 20. Be1 g4 21. Bb4 Nxe4 22. fxe4 a5 23. Bd2 b4 24. Rc1 Rfc8 25. g3 Rxc1+ 26. Bxc1 Nh3 27. Bxh3 gxh3 28. Rf1 Rf8 29. Qd3 Rxf1 30. Qxf1 Qe8 31. Nf5 Bxf5 32. Qxf5 Qb5 33. Qf3 a4 34. b3 axb3 35. axb3 Qc5 36. g4 Qd4 37. Kc2 Bf8 38. Qe3 Bg7 39. Qxd4 exd4 40. Bf4 Be5 41. Bxe5 dxe5 42. Kd3 Kf7 43. Kc4 Ke7 44. Kxb4 Kd6 45. Kc4 Kc7 46. b4 Kb7 47. b5 Kb6 48. d6 Kb7 49. Kb3 Kb6 50. Kb4 Kb7 51. Kc4 Kb6 52. Kd5 d3 53. d7 Kc7 54. Ke6 1-0

[Event "POL-chT 56th"]
[Site "Zakopane"]
[Date "2000.09.02"]
[Round "1"]
[White "Palus, Ryszard"]
[Black "Grycel, Kamil"]
[Result "1-0"]
[WhiteElo "2228"]
[BlackElo "2218"]
[PlyCount "142"]
[EventDate "2000.09.02"]
[EventType "team-tourn"]
[EventRounds "11"]
[EventCountry "POL"]
[SourceTitle "EXT 2019"]
[Source "ChessBase"]
[SourceDate "2018.10.10"]
[SourceVersion "1"]
[SourceVersionDate "2018.10.10"]
[SourceQuality "1"]
[WhiteTeam "Rolnik Roza"]
[BlackTeam "Suwalki Hancza"]
[WhiteTeamCountry "POL"]
[BlackTeamCountry "POL"]

1. d4 Nf6 2. c4 e6 3. Nf3 b6 4. a3 Ba6 5. Qc2 Bb7 6. Nc3 c5 7. dxc5 bxc5 8. Bf4 Qb6 9. e3 Be7 10. Be2 0-0 11. 0-0 Nc6 12. Rfd1 Rac8 13. Rac1 Na5 14. Nd2 d6 15. Na4 Qc6 16. Bf3 d5 17. Be5 Ne4 18. Nxe4 dxe4 19. Be2 f6 20. Bc3 Qc7 21. Be1 Nc6 22. Bc3 Rfd8 23. Rxd8+ Rxd8 24. Rd1 Bd6 25. g3 Qe7 26. Rd2 Qc7 27. Qd1 Be7 28. Rxd8+ Nxd8 29. b4 cxb4 30. Bxb4 Nf7 31. Qd4 Ne5 32. Bxe7 Qxe7 33. Nc5 Nc6 34. Qd7 Qxc5 35. Qxb7 Ne7 36. Qxe4 Kf7 37. Qd3 f5 38. Qc3 Nc6 39. Qb3 Na5 40. Qb4 Qc7 41. Qb5 Nb7 42. Qb4 Nc5 43. Qd2 Qd7 44. Qxd7+ Nxd7 45. Kf1 Ke7 46. Ke1 Kd6 47. Kd2 Kc5 48. Kc3 Nb6 49. f4 Nc8 50. Bd3 h6 51. h4 Nb6 52. Kb3 Nd7 53. Be2 Nf6 54. Bf3 Nd7 55. g4 Nf6 56. gxf5 exf5 57. Kc3 a5 58. Kd3 h5 59. Bb7 Ng4 60. Bc8 Nf2+ 61. Kc2 Ng4 62. Kd2 Nh6 63. Kd3 g6 64. Be6 Ng4 65. Bf7 Nf2+ 66. Kc2 Ng4 67. Kd2 Nh6 68. Bxg6 Kxc4 69. a4 Kb4 70. Be8 Ng8 71. Kd3 Nf6 1-0

[Event "POL-ch 55th"]
[Site "Ksiaz"]
[Date "1998.03.24"]
[Round "11"]
[White "Palus, Ryszard"]
[Black "Gdanski, Jacek"]
[Result "0-1"]
[WhiteElo "2385"]
[BlackElo "2520"]
[PlyCount "54"]
[EventDate "1998.03.12"]
[EventType "tourn"]
[EventRounds "13"]
[EventCountry "POL"]
[EventCategory "9"]
[SourceTitle "CBM 063 Extra"]
[Source "ChessBase"]
[SourceDate "1998.04.29"]
[SourceVersion "1"]
[SourceVersionDate "1998.04.29"]
[SourceQuality "1"]

1. d4 Nf6 2. c4 e6 3. Nf3 b6 4. a3 c5 5. d5 Ba6 6. Qc2 exd5 7. cxd5 g6 8. Nc3 Bg7 9. g3 0-0 10. Bg2 d6 11. 0-0 Re8 12. Re1 b5 13. Nh4 Nbd7 14. h3 c4 15. a4 b4 16. Nb5 Nb6 17. Bd2 b3 18. Qc1 Bxb5 19. axb5 Qd7 20. Ra5 Ne4 21. Bb4 Rac8 22. Rd1 c3 23. Bxe4 Rxe4 24. Bxc3 Bxc3 25. bxc3 Rxe2 26. Rd2 Rxd2 27. Qxd2 Nc4 0-1

[Event "POL-chT 2nd League South"]
[Site "Wisla"]
[Date "1998.??.??"]
[Round "?"]
[White "Palus, Ryszard"]
[Black "Gawronski, Lukasz"]
[Result "1-0"]
[WhiteElo "2375"]
[BlackElo "2130"]
[PlyCount "97"]
[EventDate "1998.11.20"]
[EventType "team-swiss"]
[EventRounds "10"]
[EventCountry "POL"]
[SourceTitle "EXT 2000"]
[Source "ChessBase"]
[SourceDate "1999.11.16"]
[SourceVersion "1"]
[SourceVersionDate "1999.11.16"]
[SourceQuality "1"]

1. d4 Nf6 2. c4 d6 3. Nc3 Nbd7 4. e4 e5 5. Nf3 Be7 6. Be2 c6 7. 0-0 0-0 8. Re1 a6 9. Bf1 b5 10. a3 Qc7 11. Bg5 Nb6 12. cxb5 cxb5 13. Rc1 Qb8 14. h3 Bb7 15. Nh4 Nfd5 16. Bxe7 Nxe7 17. dxe5 dxe5 18. Qh5 Rd8 19. Re3 Rd7 20. Rg3 f6 21. Qg4 Nec8 22. Qe6+ Kf8 23. Nf5 Rd6 24. Nxd6 Qxd6 25. Qxd6+ Nxd6 26. Re3 Ndc4 27. Bxc4 Nxc4 28. Re2 Rd8 29. Rd1 Rd4 30. f3 Ke7 31. Kf2 Kd6 32. Rc2 Bc6 33. Ke2 a5 34. Rxd4+ exd4 35. Nd1 Ne5 36. Kd2 b4 37. axb4 axb4 38. b3 g5 39. Nb2 Bb5 40. Rc1 h5 41. Ra1 h4 42. Ke1 Nd7 43. Ra8 Nc5 44. Rd8+ Bd7 45. Rb8 Nxb3 46. Rxb4 Be6 47. Nd3 Kc6 48. Kd1 f5 49. exf5 1-0

[Event "Swidnica op rap"]
[Site "Swidnica"]
[Date "1998.??.??"]
[Round "?"]
[White "Palus, Ryszard"]
[Black "Grabarczyk, Miroslaw"]
[Result "0-1"]
[WhiteElo "2385"]
[BlackElo "2505"]
[PlyCount "58"]
[EventDate "1998.??.??"]
[EventType "swiss"]
[EventRounds "9"]
[EventCountry "POL"]
[SourceTitle "EXT 2003"]
[Source "ChessBase"]
[SourceDate "2002.11.25"]
[SourceVersion "1"]
[SourceVersionDate "2002.11.25"]
[SourceQuality "1"]

1. d4 Nf6 2. c4 c6 3. Nc3 d5 4. e3 e6 5. Nf3 Nbd7 6. Qc2 Bd6 7. Be2 0-0 8. 0-0 dxc4 9. Bxc4 e5 10. Rd1 Qe7 11. e4 exd4 12. Nxd4 Nb6 13. Bf1 Rd8 14. h3 Bc7 15. Be3 Re8 16. g3 Nxe4 17. Nxe4 Qxe4 18. Bd3 Qe7 19. Bxh7+ Kh8 20. Nf5 Qf6 21. Bd4 Be5 22. Qe4 Bxf5 23. Qxf5 Bxd4 24. Rxd4 Qxd4 25. Qh5 Re5 26. Bf5+ Kg8 27. Qh7+ Kf8 28. Qh8+ Ke7 29. Qxg7 Qd6 0-1

[Event "POL-ch U26"]
[Site "Poland"]
[Date "1998.??.??"]
[Round "?"]
[White "Palus, Ryszard"]
[Black "Kaliszewski, Tomasz"]
[Result "1/2-1/2"]
[WhiteElo "2385"]
[BlackElo "2160"]
[PlyCount "88"]
[EventDate "1998.??.??"]
[EventType "swiss"]
[EventRounds "9"]
[EventCountry "POL"]
[SourceTitle "EXT 2002"]
[Source "ChessBase"]
[SourceDate "2001.11.25"]
[SourceVersion "1"]
[SourceVersionDate "2001.11.25"]
[SourceQuality "1"]

1. d4 d5 2. c4 e6 3. Nc3 c6 4. e3 Nf6 5. Nf3 Nbd7 6. Bd3 dxc4 7. Bxc4 b5 8. Be2 Bb7 9. e4 b4 10. e5 bxc3 11. exf6 cxb2 12. fxg7 bxa1Q 13. gxh8Q Qa5+ 14. Nd2 Qf5 15. 0-0 0-0-0 16. Nc4 Qab1 17. d5 Qbe4 18. Ne3 Qfe5 19. Qxe5 Nxe5 20. f3 Qb4 21. f4 Ng6 22. f5 exf5 23. Qc2 Qc5 24. dxc6 Bxc6 25. Qxc5 Bxc5 26. Rxf5 Bd5 27. Kf1 Bxe3 28. Bxe3 Bxg2+ 29. Kf2 Bd5 30. Bxa7 Bxa2 31. Ra5 Be6 32. Bb6 Rd5 33. Bc5 Ne5 34. Bb6 Rxa5 35. Bxa5 Kd7 36. Kg3 Bd5 37. Kf4 f6 38. Kf5 Ke7 39. Bb4+ Kf7 40. Bh5+ Ng6 41. Bxg6+ hxg6+ 42. Kf4 g5+ 43. Kg3 Kg6 44. h4 gxh4+ 1/2-1/2

[Event "Polanica Zdroj op"]
[Site "Polanica Zdroj"]
[Date "1998.??.??"]
[Round "?"]
[White "Palus, Ryszard"]
[Black "Shishkin, Vadim"]
[Result "1/2-1/2"]
[WhiteElo "2375"]
[BlackElo "2440"]
[PlyCount "97"]
[EventDate "1998.??.??"]
[EventType "swiss"]
[EventRounds "10"]
[EventCountry "POL"]
[SourceTitle "EXT 2003"]
[Source "ChessBase"]
[SourceDate "2002.11.25"]
[SourceVersion "1"]
[SourceVersionDate "2002.11.25"]
[SourceQuality "1"]

1. d4 g6 2. c4 Bg7 3. Nc3 c5 4. d5 Bxc3+ 5. bxc3 f5 6. h4 Nf6 7. h5 gxh5 8. Bf4 Qa5 9. Qc2 d6 10. e3 Nbd7 11. Nf3 b5 12. Rb1 bxc4 13. Bxc4 Ne4 14. Rc1 Nb6 15. Bd3 c4 16. Bxe4 fxe4 17. Qxe4 Qxd5 18. Qxd5 Nxd5 19. Bh6 Bg4 20. Nd2 Rg8 21. e4 Nf6 22. f3 Be6 23. Kf2 Kd7 24. Rb1 Rgb8 25. Bg5 Bf7 26. Bxf6 exf6 27. Ke3 Kc6 28. Kf4 Rxb1 29. Rxb1 Rg8 30. g3 Be6 31. Nf1 h4 32. gxh4 Rg1 33. Rd1 Rh1 34. Kg3 Rh3+ 35. Kg2 Rxh4 36. Ne3 Rh5 37. Rd4 Ra5 38. Nxc4 Rxa2+ 39. Kg3 Bxc4 40. Rxc4+ Kd7 41. Rb4 a5 42. Rb7+ Kc6 43. Rxh7 Rd2 44. Rf7 a4 45. Rxf6 a3 46. Rf8 Kb7 47. Rf7+ Kb6 48. Rf8 Kb7 49. Rf7+ 1/2-1/2

[Event "POL-ch sf"]
[Site "Czestochowa"]
[Date "1998.??.??"]
[Round "5"]
[White "Palus, Ryszard"]
[Black "Stefanek, Piotr"]
[Result "1-0"]
[WhiteElo "2375"]
[BlackElo "2215"]
[PlyCount "75"]
[EventDate "1998.10.??"]
[EventType "swiss"]
[EventRounds "11"]
[EventCountry "POL"]
[SourceTitle "EXT 2000"]
[Source "ChessBase"]
[SourceDate "1999.11.16"]
[SourceVersion "1"]
[SourceVersionDate "1999.11.16"]
[SourceQuality "1"]

1. d4 Nf6 2. c4 Nc6 3. Nc3 e5 4. d5 Ne7 5. e4 Ng6 6. h4 Bb4 7. h5 Bxc3+ 8. bxc3 Ne7 9. Qf3 h6 10. Qg3 Nxe4 11. Qxg7 Rg8 12. Qxe5 Ng5 13. Bd3 d6 14. Qf6 Nf5 15. Qxd8+ Kxd8 16. g4 Ng7 17. f3 f5 18. Bxg5+ hxg5 19. h6 Ne8 20. h7 Rh8 21. Rh5 Ng7 22. Rxg5 Rxh7 23. gxf5 Ne8 24. Rg8 Bd7 25. 0-0-0 c6 26. Re1 Re7 27. Rxe7 Kxe7 28. Rh8 cxd5 29. Rh7+ Kd8 30. cxd5 Rc8 31. Ne2 Rc5 32. Be4 Nf6 33. Rh8+ Ke7 34. Kb2 Nxd5 35. Rh7+ Kd8 36. Bxd5 Rxd5 37. Nd4 Bxf5 38. Rh5 1-0